00556nam a2200181 a 4500001001000000005001700010008004100027041000800068044000800076050002100084245011300105260003300218300002300251500000900274650002100283700003800304700003200342BRCA_746520190320205840.0180413s1944----nyua######---#000-0#eng-# aeng anyu 4aPZ8.3b.T47 194410aThree young rats and other rhymescdrawings by Alexander Calder ; ed. with introd. by James Johnson Sweeney. aNueva YorkbC. Valetinc1944 axviii, 130 p.bil. aQ22314aRimas infantiles1 aCalder, Alexanderd1898-1976eil.1 aSweeney, James Johnsoneed.